000 00582nam a2200169Ia 4500
005 20240402014035.0
008 240331s9999 xx 000 0 und d
020 _a8185604401
082 _bSHI
_a330.
100 _aCWDS
245 0 _aShifting sands :
_bwomen's lives and globalization
250 _a1 st
260 _aCalcutta :
_bWomen's Lives and Globalization /
_c2000
300 _axiv, 326 p.,
500 _aThe themes treated in this text reflect a diversity of issues and approaches, yet the overarching concern is to ensure a better future for women in India.
942 _cL
999 _c2605
_d2605